Groupes de Kpop par images - Statistiques

Statistiques générales
  • Ce quiz a été pris 7 151 fois
  • Le résultat moyen est 19 sur 36
Statistiques - réponses
Par images Réponse % Correct
Blackpink
88%
Stray Kids
86%
BTS
83%
Psy
83%
Seventeen
83%
Mamamoo
81%
Txt
81%
IU
77%
Twice
75%
Jessi
74%
Aespa
72%
Ateez
72%
NewJeans
71%
Itzy
69%
Ive
66%
Lesserafim
66%
BigBang
63%
Nct
59%
Somi
59%
EXO
53%
Red Velvet
52%
Iz*one
48%
Got7
45%
Kep1er
43%
P1harmony
41%
Monsta x
36%
AleXa
35%
iKon
30%
Treasure
28%
Snsd
27%
StayC
27%
Pentagon
16%
Momoland
12%
Mcnd
11%
Pixy
4%
Nature
1%
Aucun quiz correspondant
Distribution des résultats
% des personnes avec chaque résultat
Percentile par nombre de réponses
Votre historique - résultats
Vous n’avez pas pris ce quiz